Villes, départements et population - Statistiques

Statistiques générales
  • Ce quiz a été pris 252 fois
  • Le résultat moyen est 11 sur 15
Statistiques - réponses
Question Réponse % Correct
Quelle est la ville la plus peuplée de France derrière Paris ? Marseille
87%
Quelle est la ville littorale méditerranéenne la plus peuplée après Marseille ? Nice
87%
Quelle est la ville la plus peuplée de l'Outre-Mer français ? Saint-Denis
87%
Quelle est la deuxième ville la plus peuplée des Bouches du Rhône après Marseille ? Aix-en-Provence
80%
Quelle ville de Corse est la plus peuplée ? Ajaccio
80%
Quelle région ne place aucune ville parmi les 15 plus peuplées du pays ? Bourgogne Franche Comté
73%
Quelle est la ville la plus peuplée du département du Pas-de-Calais (62) ? Calais
73%
Quelle ville est la plus peuplée de la région Normandie ? Le Havre
73%
Attention, on parle maintenant d'AGGLOMERATION. Qui est la plus peuplée derrière Paris ? Lyon
73%
Parmi les villes suivantes, laquelle est la plus peuplée de son département mais n'en est pas la préfecture ? Reims (51)
73%
Quelle est la ville de banlieue (adossée à une ville plus grande) la plus peuplée de France ? Villeurbanne (69)
73%
A l'inverse, quelle préfecture n'est pas la ville la plus peuplée de son département ? Quimper (29)
67%
Quelle ville n'est pas parmi les 10 peuplées de France ? Rennes
67%
Combien de villes dépassent les 100.000 habitants en France en 2016 ? 42
40%
Quelle est la ville littorale atlantique (au sens large) la plus peuplée ? Nantes
27%
Aucun quiz correspondant
Distribution des résultats
% des personnes avec chaque résultat
Percentile par nombre de réponses
Votre historique - résultats
Vous n’avez pas pris ce quiz